[Event "Russian Championship B13 1st league 2016"]
[Site "Loo"]
[Date "2016.04.20"]
[Round "1.35"]
[White "Goryachev, Ivan"]
[Black "Senkevich, German"]
[Result "0-1"]
[WhiteElo "1670"]
[BlackElo "1433"]
[PlyCount "104"]
[EventDate "2016.04.20"]

1. e4 d5 2. exd5 Qxd5 3. Nc3 Qd6 4. Nf3 Nf6 5. d4 a6 6. a4 Nc6 7. Be2 Bf5 8. h3
Nb4 9. Bd3 Bxd3 10. cxd3 Nc6 11. Be3 O-O-O 12. Ne4 Qb4+ 13. Qd2 Nd5 14. Ne5
Nxe3 15. fxe3 Nxe5 16. dxe5 e6 17. Rf1 Rxd3 18. Qxb4 Bxb4+ 19. Ke2 Rd7 20. Rad1
Rhd8 21. Rc1 Rf8 22. Rc4 Ba5 23. b4 b5 24. axb5 axb5 25. Rc5 Bxb4 26. Rxb5 Be7
27. Rfb1 Rdd8 28. Rb8+ Kd7 29. Rd1+ Kc6 30. Rc1+ Kd7 31. Rd1+ Ke8 32. Rdxd8+
Bxd8 33. Nc5 Ke7 34. Nb7 Kd7 35. Kd3 Be7 36. Rxf8 Bxf8 37. Na5 Bb4 38. Nc4 Kc6
39. Kd4 Bc5+ 40. Kd3 f5 41. e4 g6 42. Nd2 Bb4 43. Nf3 h6 44. exf5 gxf5 45. g4
fxg4 46. hxg4 Kd5 47. Ke3 Bc3 48. Kf4 c5 49. g5 hxg5+ 50. Nxg5 Bd2+ 51. Kg4
Bxg5 52. Kxg5 c4 0-1

[Event "Russian Championship B13 1st league 2016"]
[Site "Loo"]
[Date "2016.04.20"]
[Round "1.36"]
[White "Piatkin, Arsenii"]
[Black "Shvetko, Roman"]
[Result "0-1"]
[WhiteElo "1417"]
[BlackElo "1667"]
[PlyCount "100"]
[EventDate "2016.04.20"]

1. e4 e5 2. Nf3 Nf6 3. Nxe5 d6 4. Nf3 Nxe4 5. Qe2 Qe7 6. d3 Nf6 7. Bg5 Qxe2+ 8.
Bxe2 Be7 9. Nc3 h6 10. Bh4 Nc6 11. Nb5 Kd8 12. a3 a6 13. Nc3 Bg4 14. h3 Bh5 15.
O-O-O Kd7 16. Rhe1 Rhe8 17. Kb1 Rad8 18. d4 Kc8 19. Kc1 d5 20. Ne5 Bxe2 21.
Rxe2 Nxe5 22. dxe5 Ng8 23. Bxe7 Nxe7 24. Ree1 c6 25. e6 f6 26. Na4 Ng6 27. g3
Rd6 28. f4 f5 29. Nc5 Nf8 30. Re5 g6 31. e7 Nd7 32. Nxd7 Kxd7 33. Rde1 Rf6 34.
R5e3 Rf7 35. Rb3 b5 36. Kd2 Rfxe7 37. Rxe7+ Rxe7 38. a4 Re4 39. axb5 axb5 40.
Ra3 Ra4 41. Rxa4 bxa4 42. Kd3 Kd6 43. c4 Kc5 44. cxd5 cxd5 45. g4 Kb4 46. Kd4
Kb3 47. Kxd5 Kxb2 48. Ke6 a3 49. Kf6 a2 50. Kxg6 a1=Q 0-1

[Event "Russian Championship B13 1st league 2016"]
[Site "Loo"]
[Date "2016.04.20"]
[Round "1.37"]
[White "Zhukov, Ivan"]
[Black "Zyryanov, Konstantin"]
[Result "1-0"]
[WhiteElo "1667"]
[BlackElo "1414"]
[PlyCount "87"]
[EventDate "2016.04.20"]

1. e4 c5 2. Nf3 Nc6 3. d4 cxd4 4. Nxd4 e5 5. Nb5 a6 6. Nd6+ Bxd6 7. Qxd6 Qe7 8.
Qc7 d5 9. Qxe7+ Ngxe7 10. Nc3 Be6 11. exd5 Nxd5 12. Nxd5 Bxd5 13. c3 O-O-O 14.
Be3 Kc7 15. f3 f6 16. Be2 Na5 17. b3 Be6 18. Kf2 Nc6 19. Rad1 Bf5 20. b4 e4 21.
f4 Be6 22. a3 f5 23. a4 Rxd1 24. Rxd1 Rd8 25. Rb1 Rd7 26. a5 Kc8 27. Rb2 Nd8
28. Bb6 Nf7 29. c4 Nd6 30. Rc2 Kb8 31. Ke3 g6 32. b5 axb5 33. cxb5 Nc8 34. Bd4
Ne7 35. Be5+ Ka8 36. Kf2 Ka7 37. b6+ Ka8 38. Bb5 Nc6 39. Rxc6 bxc6 40. Bxc6+
Rb7 41. a6 Bc8 42. axb7+ Bxb7 43. Bxb7+ Kxb7 44. Bd4 1-0

[Event "Russian Championship B13 1st league 2016"]
[Site "Loo"]
[Date "2016.04.20"]
[Round "1.38"]
[White "Shkrebko, Mikhail"]
[Black "Karavaev, Aleksandr"]
[Result "1/2-1/2"]
[WhiteElo "1407"]
[BlackElo "1662"]
[PlyCount "109"]
[EventDate "2016.04.20"]

1. d4 Nf6 2. c4 g6 3. Nf3 Bg7 4. Nc3 d5 5. e3 c6 6. Be2 O-O 7. O-O dxc4 8. Bxc4
Nbd7 9. Bb3 Nb6 10. Re1 Bf5 11. h3 Ne4 12. Nxe4 Bxe4 13. Bd2 a5 14. a4 Qd7 15.
Ng5 Bd5 16. Bxd5 Qxd5 17. Nf3 f5 18. Qc2 Qc4 19. Rec1 Qxc2 20. Rxc2 Rfd8 21. b3
Rd5 22. Rac1 Nd7 23. Kf1 e5 24. dxe5 Nxe5 25. Nxe5 Bxe5 26. Bc3 Bxc3 27. Rxc3
Kf7 28. Ke2 Rad8 29. R1c2 Ke6 30. f4 Rd1 31. Rc4 Rb1 32. R4c3 Rdd1 33. Kf3 Rd5
34. Ke2 Rdd1 35. Kf3 Rd5 36. Ke2 Rg1 37. Kf3 Ra1 38. Ke2 Rdd1 39. Rb2 Rd5 40.
Rbc2 Rdd1 41. Rb2 Rg1 42. Kf3 Raf1+ 43. Rf2 Rxf2+ 44. Kxf2 Rd1 45. Ke2 Rd5 46.
g4 Kd6 47. gxf5 gxf5 48. Kf3 Rd1 49. Kf2 Kd5 50. Ke2 Rh1 51. Rd3+ Kc5 52. Rd7
Rxh3 53. Rxb7 Rh2+ 54. Kd3 Rh3 55. Rf7 1/2-1/2

[Event "Russian Championship B13 1st league 2016"]
[Site "Loo"]
[Date "2016.04.20"]
[Round "1.39"]
[White "Bashev, Fyodor"]
[Black "Chelebaev, Mikhail"]
[Result "1-0"]
[WhiteElo "1658"]
[BlackElo "1397"]
[PlyCount "80"]
[EventDate "2016.04.20"]

1. e4 e5 2. Nf3 Nc6 3. Bb5 a6 4. Bxc6 dxc6 5. O-O Bg4 6. h3 Bh5 7. g4 Bg6 8.
Nxe5 Bd6 9. Nf3 h5 10. e5 hxg4 11. exd6 gxf3 12. Re1+ Kf8 13. Qxf3 Qxd6 14. d3
Qd7 15. Kg2 Bf5 16. Rh1 Nf6 17. Nc3 Nd5 18. Nxd5 Qxd5 19. Qxd5 cxd5 20. Bf4 c6
21. Bd6+ Ke8 22. Rae1+ Kd7 23. Bg3 Rae8 24. h4 Rxe1 25. Rxe1 Re8 26. Rxe8 Kxe8
27. Kf3 Ke7 28. Ke3 Kd7 29. Kd4 g6 30. Kc5 Bg4 31. Kb6 Kc8 32. b3 Bd1 33. c4
dxc4 34. dxc4 Bc2 35. Kc5 Kd7 36. Kd4 Bb1 37. a3 Bc2 38. b4 Bf5 39. Ke5 Be6 40.
c5 Ke7 1-0

[Event "Russian Championship B13 1st league 2016"]
[Site "Loo"]
[Date "2016.04.20"]
[Round "1.40"]
[White "Tolstykh, Dmitri"]
[Black "Boktaev, Adyan"]
[Result "0-1"]
[WhiteElo "1397"]
[BlackElo "1657"]
[PlyCount "66"]
[EventDate "2016.04.20"]

1. d4 d5 2. c4 c6 3. Nc3 Nf6 4. Nf3 e6 5. Bg5 Bb4 6. e3 Qa5 7. Nd2 Bxc3 8. bxc3
Ne4 9. Nxe4 dxe4 10. Qb3 Qxg5 11. c5 O-O 12. h4 Qe7 13. g4 e5 14. Be2 Be6 15.
Qc2 Nd7 16. g5 f6 17. gxf6 Qxf6 18. O-O-O exd4 19. cxd4 Bd5 20. Bg4 Nb8 21.
Rdf1 Na6 22. Qb2 Rab8 23. Be2 Nc7 24. Rhg1 b6 25. Qc2 bxc5 26. Qxc5 Rb6 27. Bc4
Rfb8 28. Bb3 Bxb3 29. axb3 Rxb3 30. Qc4+ Nd5 31. Rd1 Rb1+ 32. Kd2 Qxf2+ 33. Qe2
R8b2# 0-1

[Event "Russian Championship B13 1st league 2016"]
[Site "Loo"]
[Date "2016.04.20"]
[Round "1.41"]
[White "Tsymbal, Evgeny"]
[Black "Stolyarov, Egor"]
[Result "1-0"]
[WhiteElo "1652"]
[BlackElo "1392"]
[PlyCount "117"]
[EventDate "2016.04.20"]

1. e4 c6 2. d4 d5 3. Nc3 dxe4 4. Nxe4 Bf5 5. Ng3 Bg6 6. h4 h6 7. h5 Bh7 8. Nf3
Nd7 9. Bd3 Bxd3 10. Qxd3 e6 11. Be3 Ngf6 12. O-O-O Bd6 13. Ne4 Nxe4 14. Qxe4
Nf6 15. Qd3 Nd5 16. Kb1 Qc7 17. Qb3 O-O-O 18. c4 Nf6 19. Qa4 Kb8 20. d5 c5 21.
dxe6 fxe6 22. b4 Ng4 23. b5 b6 24. Qb3 Qf7 25. Qc2 Bc7 26. a4 Qf5 27. Nh4 Qxc2+
28. Kxc2 Rxd1 29. Rxd1 Rf8 30. Ng6 Rf7 31. Rd2 Nf6 32. Nh8 Rf8 33. Ng6 Re8 34.
Nf4 Bxf4 35. Bxf4+ e5 36. Bh2 Kc8 37. f3 e4 38. fxe4 Rxe4 39. Kb3 Nxh5 40. Rd6
Re3+ 41. Kb2 Re2+ 42. Kb3 Rxg2 43. Be5 Re2 44. Rc6+ Kd7 45. Bb8 Re6 46. Rxe6
Kxe6 47. Bxa7 Nf6 48. Bxb6 Nd7 49. Bc7 Nb6 50. Bxb6 Kd7 51. Bxc5 h5 52. Bg1 g5
53. a5 Kc8 54. a6 Kb8 55. c5 g4 56. c6 h4 57. b6 g3 58. a7+ Kc8 59. a8=Q# 1-0

[Event "Russian Championship B13 1st league 2016"]
[Site "Loo"]
[Date "2016.04.20"]
[Round "1.42"]
[White "Belousov, Aleksandr"]
[Black "Stepochkin, Fedor"]
[Result "0-1"]
[WhiteElo "1389"]
[BlackElo "1649"]
[PlyCount "72"]
[EventDate "2016.04.20"]

1. e4 e5 2. Nf3 Nf6 3. Nxe5 d6 4. Nf3 Nxe4 5. d3 Nf6 6. Be2 Be7 7. d4 d5 8. O-O
Be6 9. Nc3 Nbd7 10. Bf4 O-O 11. Ne5 c6 12. a3 Nxe5 13. Bxe5 Nd7 14. Bg3 f5 15.
Qd2 Nf6 16. Be5 Bd6 17. Bd3 Ng4 18. Bxd6 Qxd6 19. f4 Qe7 20. h3 Nf6 21. Rfe1
Ne4 22. Nxe4 fxe4 23. Be2 Qh4 24. Qe3 Rf6 25. Rf1 Raf8 26. Rf2 Rg6 27. Kh2 Rff6
28. Rg1 Bg4 29. Bxg4 Rxg4 30. g3 Qh5 31. Qe2 Rh6 32. h4 Rhg6 33. f5 Rxh4+ 34.
Kg2 Rxg3+ 35. Kf1 Rxg1+ 36. Kxg1 Rh1+ 0-1

[Event "Russian Championship B13 1st league 2016"]
[Site "Loo"]
[Date "2016.04.20"]
[Round "1.43"]
[White "Shakirov, Marat"]
[Black "Zotkaev, Basang"]
[Result "0-1"]
[WhiteElo "1648"]
[BlackElo "1386"]
[PlyCount "56"]
[EventDate "2016.04.20"]

1. e4 Nc6 2. d4 d5 3. exd5 Qxd5 4. Nf3 Bg4 5. Be2 O-O-O 6. Nbd2 Bxf3 7. Nxf3
Nxd4 8. Nxd4 Qxd4 9. Qxd4 Rxd4 10. Be3 Rd8 11. O-O a6 12. c4 e6 13. c5 c6 14.
b4 Nf6 15. a4 Nd5 16. Bd2 Kd7 17. Rab1 Rb8 18. Rfc1 Be7 19. b5 axb5 20. axb5
Rhc8 21. bxc6+ bxc6 22. Ba6 Rf8 23. Bb7 f5 24. Kf1 h6 25. Ke2 Bg5 26. Bxg5 hxg5
27. Ba6 Rxb1 28. Rxb1 Nc3+ 0-1

[Event "Russian Championship B13 1st league 2016"]
[Site "Loo"]
[Date "2016.04.20"]
[Round "1.44"]
[White "Edgeev, Danzan"]
[Black "Zhuravlev, Ignat"]
[Result "0-1"]
[WhiteElo "1376"]
[BlackElo "1645"]
[PlyCount "140"]
[EventDate "2016.04.20"]

1. e4 e5 2. Nf3 Nc6 3. Bb5 a6 4. Ba4 Nf6 5. Nc3 b5 6. Bb3 Be7 7. d3 d6 8. h3
O-O 9. O-O h6 10. Be3 Re8 11. Qd2 Bf8 12. Nh2 Nb8 13. f4 exf4 14. Bxf4 Nbd7 15.
Nf3 Nc5 16. Be3 Nxb3 17. axb3 Bb7 18. Qf2 Qe7 19. Nd4 Nh7 20. Nf5 Qe6 21. Qg3
Kh8 22. Ne2 Qg6 23. Qxg6 fxg6 24. Nh4 g5 25. Ng6+ Kg8 26. Nxf8 Rxf8 27. Nd4
Rae8 28. Rxf8+ Nxf8 29. Nf5 Kh7 30. Rf1 g6 31. Ng3 Kg7 32. Bd4+ Kg8 33. b4 Ne6
34. Bc3 Nf4 35. Rf2 Bc8 36. Ne2 Rf8 37. Bd2 Ne6 38. Rxf8+ Kxf8 39. Kf2 Ke7 40.
g4 h5 41. gxh5 gxh5 42. Kg3 h4+ 43. Kg2 Kf6 44. Bc3+ Kg6 45. Be1 Kh5 46. d4 Nf8
47. Bf2 Ng6 48. Bg1 Bb7 49. Kf3 Bc8 50. Kg2 g4 51. hxg4+ Bxg4 52. Kf2 Bxe2 53.
Kxe2 Kg4 54. e5 dxe5 55. dxe5 Nxe5 56. Bh2 Kf5 57. b3 c6 58. c3 Ng4 59. Bc7 h3
60. Kf3 h2 61. Kg2 Ke4 62. c4 Kd4 63. cxb5 axb5 64. Bd6 Kc3 65. Bc5 Kxb3 66.
Bf8 Ne3+ 67. Kxh2 Nc2 68. Kg2 Nxb4 69. Kf3 Nd3 70. Ke3 Kc2 0-1

[Event "Russian Championship B13 1st league 2016"]
[Site "Loo"]
[Date "2016.04.20"]
[Round "1.45"]
[White "Smirnov, Mark A"]
[Black "Brazhnikov, Dmitri"]
[Result "1-0"]
[WhiteElo "1637"]
[BlackElo "1359"]
[PlyCount "85"]
[EventDate "2016.04.20"]

1. d4 d5 2. c4 e6 3. Nc3 Nf6 4. Bg5 Be7 5. e3 c6 6. Nf3 Nbd7 7. Bd3 dxc4 8.
Bxc4 b5 9. Bd3 O-O 10. Qc2 Bb7 11. Ne5 h6 12. h4 Nxe5 13. dxe5 Ng4 14. Rd1 Qe8
15. Bf4 f6 16. Bg6 Qc8 17. f3 Nxe5 18. Bxe5 fxe5 19. a3 a6 20. Be4 c5 21. Ke2
b4 22. axb4 cxb4 23. Bxb7 Qxb7 24. Qe4 Qxe4 25. Nxe4 Rfc8 26. Rd7 Kf8 27. Rhd1
Rc2+ 28. R1d2 Rxd2+ 29. Kxd2 Bxh4 30. Nc5 Bf6 31. Nxe6+ Kg8 32. Rb7 a5 33. Kc2
Rc8+ 34. Kb3 Rc6 35. Nc7 Kh7 36. Ne8 Re6 37. Nxf6+ Rxf6 38. Rb5 e4 39. fxe4 Re6
40. e5 Rg6 41. Rxa5 Rxg2 42. e6 Kg8 43. Ra8+ 1-0

[Event "Russian Championship B13 1st league 2016"]
[Site "Loo"]
[Date "2016.04.20"]
[Round "1.46"]
[White "Mamedov, Amin"]
[Black "Darmogray, Makar"]
[Result "0-1"]
[WhiteElo "1358"]
[BlackElo "1634"]
[PlyCount "82"]
[EventDate "2016.04.20"]

1. d4 Nf6 2. c4 e6 3. Nc3 d5 4. Nf3 Be7 5. Bf4 c6 6. e3 O-O 7. cxd5 exd5 8. Bd3
Bg4 9. h3 Bh5 10. O-O Nbd7 11. Be2 Re8 12. Qc2 Bxf3 13. Bxf3 Nf8 14. Rfe1 Ng6
15. Bg3 Bd6 16. Bxd6 Qxd6 17. g3 Re7 18. Rad1 Rae8 19. e4 dxe4 20. Nxe4 Nxe4
21. Rxe4 Rxe4 22. Bxe4 Qe6 23. Bf5 Qxa2 24. h4 Qd5 25. h5 Nf8 26. Qd3 g6 27.
hxg6 hxg6 28. Bg4 Qe4 29. f4 Qe3+ 30. Kg2 Qxd3 31. Rxd3 Nh7 32. d5 cxd5 33.
Rxd5 Nf6 34. Rg5 Nxg4 35. Rxg4 Re2+ 36. Kf3 Rxb2 37. f5 Rb3+ 38. Kf2 Kg7 39.
fxg6 fxg6 40. Rf4 b5 41. g4 a5 0-1

[Event "Russian Championship B13 1st league 2016"]
[Site "Loo"]
[Date "2016.04.20"]
[Round "1.47"]
[White "Ogorodnikov, Nikolai"]
[Black "Volf, Sergey"]
[Result "1-0"]
[WhiteElo "1633"]
[BlackElo "1356"]
[PlyCount "63"]
[EventDate "2016.04.20"]

1. c4 e6 2. Nc3 d5 3. d4 Nf6 4. cxd5 exd5 5. Bg5 Nbd7 6. e3 Be7 7. Nf3 O-O 8.
Bd3 b6 9. Qc2 h6 10. Bf4 c5 11. O-O Bb7 12. Rac1 Rc8 13. Rfd1 cxd4 14. Nxd4 Nh5
15. Bg3 Nxg3 16. hxg3 Bf6 17. Bf5 Rc5 18. Qa4 Ne5 19. Qxa7 Qc7 20. Nxd5 Rxc1
21. Nxc7 Rxd1+ 22. Kh2 g6 23. Qxb7 gxf5 24. f3 Nd3 25. Nxf5 Nf2 26. g4 Nxg4+
27. fxg4 Be5+ 28. g3 Rd2+ 29. Kg1 Rd7 30. Qxb6 Rd1+ 31. Kf2 Rb8 32. Ne7+ 1-0

[Event "Russian Championship B13 1st league 2016"]
[Site "Loo"]
[Date "2016.04.20"]
[Round "1.48"]
[White "Serov, Aleksandr"]
[Black "Fonichkin, Egor"]
[Result "0-1"]
[WhiteElo "1349"]
[BlackElo "1631"]
[PlyCount "114"]
[EventDate "2016.04.20"]

1. d4 d6 2. c4 Nf6 3. Nc3 c6 4. Nf3 Bg4 5. e3 e6 6. Be2 Be7 7. O-O O-O 8. h3
Bh5 9. Qc2 h6 10. Re1 Nbd7 11. b3 d5 12. cxd5 cxd5 13. Bb2 Rc8 14. Qd2 Bb4 15.
Rec1 Ne4 16. Qd3 Bg6 17. Nxe4 dxe4 18. Qb5 exf3 19. Bxf3 Be7 20. Rxc8 Qxc8 21.
Bxb7 Qd8 22. Rc1 Nf6 23. Qa4 Qb6 24. Bf3 a5 25. Bc3 Rc8 26. Bd2 Rxc1+ 27. Bxc1
Qb4 28. Qxb4 axb4 29. Be2 Bb1 30. Bc4 Bxa2 31. Kf1 Bb1 32. f3 Nd5 33. e4 Nb6
34. Ke2 Kf8 35. Ke3 Ke8 36. Bb2 Bf6 37. g3 Nxc4+ 38. bxc4 b3 39. e5 Bg5+ 40. f4
Be7 41. Bc1 Bb4 42. Bb2 Bf5 43. g4 Bc2 44. Ke2 Be4 45. Kf2 Bd3 46. c5 Be4 47.
Ke3 Bg2 48. h4 Bd5 49. g5 hxg5 50. hxg5 g6 51. Kd3 Kd7 52. Ke3 Kc6 53. Kd3 Kb5
54. Bc1 Ka4 55. Bb2 Ba3 56. Kc3 Bxb2+ 57. Kxb2 Kb4 0-1

[Event "Russian Championship B13 1st league 2016"]
[Site "Loo"]
[Date "2016.04.20"]
[Round "1.49"]
[White "Aslanyan, Razmik"]
[Black "Yusupov, Mark"]
[Result "1-0"]
[WhiteElo "1630"]
[BlackElo "1338"]
[PlyCount "44"]
[EventDate "2016.04.20"]

1. d4 d5 2. Nf3 Bf5 3. e3 Nd7 4. Bd3 Bg6 5. c3 Ngf6 6. Qe2 e6 7. Nbd2 Ne4 8.
O-O Bd6 9. Bb1 Nxd2 10. Bxd2 O-O 11. e4 dxe4 12. Bxe4 Re8 13. Bxg6 fxg6 14.
Rfe1 e5 15. Qc4+ Kh8 16. Ng5 Re7 17. Qf7 Qe8 18. Qxe8+ Raxe8 19. dxe5 Rxe5 20.
Rxe5 Nxe5 21. Bf4 Nf3+ 22. gxf3 Bxf4 {
Р'Р~/=Р>>Р-/+Р-/+ Р.Р~/=Р?Р,С\/СO Р1/2Р-/+С Р~/=Р.Р+/-Р3/4С(.)Р,Р+/=Р~/=} 1-0

[Event "Russian Championship B13 1st league 2016"]
[Site "Loo"]
[Date "2016.04.20"]
[Round "1.50"]
[White "Novikov, Ivan"]
[Black "Lebedev, Nikita"]
[Result "1/2-1/2"]
[WhiteElo "1330"]
[BlackElo "1629"]
[PlyCount "67"]
[EventDate "2016.04.20"]

1. c4 Nf6 2. Nc3 g6 3. Nf3 Bg7 4. g3 d6 5. Bg2 e5 6. d3 O-O 7. O-O Nc6 8. Rb1
Be6 9. b4 a6 10. a4 Rb8 11. b5 axb5 12. cxb5 Ne7 13. Ng5 Bd7 14. Ba3 h6 15.
Nge4 Nxe4 16. Bxe4 f5 17. Qb3+ Kh8 18. Bg2 f4 19. Ne4 Nf5 20. Rfc1 Nd4 21. Qd1
Bg4 22. Rb2 f3 23. exf3 Nxf3+ 24. Bxf3 Bxf3 25. Qc2 Qd7 26. Nd2 Bd5 27. Ne4
Bxe4 28. dxe4 Rbc8 29. Qc4 Bf6 30. Qd5 Rb8 31. b6 c5 32. Bxc5 Be7 33. Ba3 Rbc8
34. Rbc2 {
Р'Р~/=Р>>Р-/+Р-/+ Р.Р~/=Р?Р,С\/СO Р1/2Р-/+С Р~/=Р.Р+/-Р3/4С С(.)Р,Р+/=Р~/=}
1/2-1/2

[Event "Russian Championship B13 1st league 2016"]
[Site "Loo"]
[Date "2016.04.20"]
[Round "1.51"]
[White "Dunaev, Denis"]
[Black "Tukaev, Timur"]
[Result "1-0"]
[WhiteElo "1628"]
[BlackElo "1276"]
[PlyCount "73"]
[EventDate "2016.04.20"]

1. d4 d5 2. Nf3 Nf6 3. e3 c6 4. Bd3 g6 5. b3 Bg7 6. Bb2 O-O 7. O-O Nh5 8. c4 f5
9. Ne5 Nd7 10. f4 Nhf6 11. Nd2 Ng4 12. Nxg4 fxg4 13. Qxg4 Ne5 14. Qe2 Bg4 15.
Nf3 Nxf3+ 16. gxf3 Bh3 17. Rfe1 e6 18. Qf2 g5 19. Qg3 Bf5 20. Be2 gxf4 21. Qxf4
Rf6 22. Kf2 Bh3 23. Qg3 Bf5 24. Rg1 Bg6 25. f4 Qe7 26. Bc3 Bf5 27. h4 Rg6 28.
Qh2 Rh6 29. h5 Rf8 30. Qg3 Kh8 31. Bb4 Qf7 32. Bxf8 Qxf8 33. Rg2 Be4 34. Bf3
Bxf3 35. Qxf3 dxc4 36. Rag1 cxb3 37. Rxg7 1-0

[Event "Russian Championship B13 1st league 2016"]
[Site "Loo"]
[Date "2016.04.20"]
[Round "1.52"]
[White "Rublevsky, Mikhail"]
[Black "Aralovetc, Mikhail"]
[Result "0-1"]
[WhiteElo "1237"]
[BlackElo "1625"]
[PlyCount "82"]
[EventDate "2016.04.20"]

1. d4 Nf6 2. Nf3 e6 3. c4 d5 4. Nc3 c6 5. Bg5 Be7 6. e3 Nbd7 7. Bd3 h6 8. Bh4
b6 9. Qe2 Bb7 10. O-O O-O 11. Rac1 Rc8 12. Bb1 Re8 13. cxd5 exd5 14. Qc2 Nf8
15. Ne5 N6d7 16. Bg3 Bf6 17. f4 c5 18. Qf2 a6 19. Qc2 Qe7 20. Rfd1 cxd4 21.
exd4 Nxe5 22. dxe5 Bh4 23. Qf2 Bxg3 24. hxg3 Qe6 25. Re1 b5 26. f5 Qc6 27. Ne2
Qd7 28. Rxc8 Rxc8 29. f6 g6 30. Qf4 Kh7 31. g4 Ne6 32. Qh2 Rc4 33. Qh5 Qc6 34.
Qh2 Rxg4 35. g3 Qc5+ 36. Kf1 Qe3 37. Qg2 Qxe5 38. Nf4 Qxf6 39. Rxe6 fxe6 40.
Qf3 Rg5 41. Kg1 e5 0-1

[Event "Russian Championship B13 1st league 2016"]
[Site "Loo"]
[Date "2016.04.20"]
[Round "1.53"]
[White "Ivlev, Aleksandr"]
[Black "Sarkisian, Artem"]
[Result "1-0"]
[WhiteElo "1625"]
[BlackElo "1220"]
[PlyCount "83"]
[EventDate "2016.04.20"]

1. d4 c6 2. Bf4 d5 3. Nf3 Nf6 4. e3 Bg4 5. Nbd2 e6 6. h3 Bh5 7. Bd3 Bxf3 8.
Nxf3 c5 9. c3 Nc6 10. O-O Bd6 11. Bxd6 Qxd6 12. Re1 O-O 13. Qc2 c4 14. Bf1 Ne4
15. Nd2 Nf6 16. e4 dxe4 17. Bxc4 Na5 18. Bf1 Qc6 19. Nxe4 Nxe4 20. Qxe4 Rac8
21. Bd3 Qxe4 22. Bxe4 Rc7 23. Rac1 Nc4 24. b3 Nd6 25. Bd3 Rfc8 26. c4 Nb5 27.
Re4 Rd8 28. Rd1 Nxd4 29. Rxd4 Rxd4 30. Bxh7+ Kxh7 31. Rxd4 Kg6 32. Kf1 Kf5 33.
Ke2 e5 34. Rd5 Ke6 35. Ke3 Rd7 36. Rxd7 Kxd7 37. Ke4 Ke6 38. b4 f5+ 39. Ke3 g5
40. f3 g4 41. hxg4 fxg4 42. fxg4 1-0

[Event "Russian Championship B13 1st league 2016"]
[Site "Loo"]
[Date "2016.04.20"]
[Round "1.78"]
[White "Frolov, Artem"]
[Black "Kostenko, Kirill"]
[Result "1-0"]
[WhiteElo "1359"]
[BlackElo "1614"]
[PlyCount "71"]
[EventDate "2016.04.20"]

1. e4 c5 2. Nf3 e6 3. d4 cxd4 4. Nxd4 a6 5. Nc3 Nc6 6. f3 Be7 7. Be3 Qc7 8. Qd2
b5 9. g4 Bh4+ 10. Bf2 Bxf2+ 11. Qxf2 Nge7 12. O-O-O Bb7 13. Kb1 b4 14. Nce2 Rc8
15. Rd2 d5 16. Ng3 Ne5 17. Nh5 O-O 18. g5 N5g6 19. Bg2 Nf4 20. Ng3 Nxg2 21.
Qxg2 Qf4 22. h4 Rfd8 23. Re1 Qxh4 24. Rh1 Qxg5 25. f4 Qg6 26. f5 exf5 27. exf5
Qg5 28. Nf3 Qe3 29. Re2 Qc5 30. f6 Ng6 31. Qh2 Nf8 32. fxg7 Kxg7 33. Qh6+ Kg8
34. Nf5 Ne6 35. Rg2+ Kh8 36. Qxh7# 1-0

[Event "Russian Championship G11 1st league 2016"]
[Site "Loo"]
[Date "2016.04.21"]
[Round "2.1"]
[White "Mikhailina, Olga"]
[Black "Shestakova, Bogdana"]
[Result "0-1"]
[WhiteElo "1215"]
[BlackElo "1605"]
[PlyCount "24"]
[EventDate "2016.04.20"]

1. e4 d5 2. exd5 Nf6 3. Nf3 Bg4 4. Be2 Qxd5 5. Nc3 Qf5 6. d4 Nc6 7. Be3 O-O-O
8. Qd2 e5 9. O-O-O Bb4 10. h3 Bxf3 11. Bxf3 exd4 12. g4 Qxf3 0-1

[Event "Russian Championship G11 1st league 2016"]
[Site "Loo"]
[Date "2016.04.21"]
[Round "2.2"]
[White "Sosnina, Nadezhda"]
[Black "Vidershpan, Viktoriia"]
[Result "1/2-1/2"]
[WhiteElo "1555"]
[BlackElo "1204"]
[PlyCount "124"]
[EventDate "2016.04.20"]

1. e4 e5 2. Nf3 Nc6 3. Bb5 g6 4. c3 Bg7 5. O-O Nge7 6. d3 O-O 7. Nbd2 d6 8. Re1
a6 9. Ba4 f5 10. Bb3+ Kh8 11. Ng5 d5 12. exd5 Nxd5 13. Qf3 Qxg5 14. Bxd5 Qf6
15. Nc4 Rd8 16. Bxc6 Qxc6 17. Nxe5 Bxe5 18. Qxc6 Bxh2+ 19. Kxh2 bxc6 20. d4 Bb7
21. Re7 Rac8 22. Bg5 Kg8 23. Bf6 Re8 24. Rae1 Rxe7 25. Rxe7 a5 26. Rg7+ Kf8 27.
Rxh7 a4 28. Be5 Ba6 29. Bxc7 Kg8 30. Rd7 Kf8 31. Bd6+ Kg8 32. Be5 Kf8 33. Rg7
Ke8 34. Rxg6 Kd7 35. d5 Bb5 36. Rg7+ Ke8 37. d6 c5 38. Re7+ Kf8 39. Bg7+ Kg8
40. d7 Rd8 41. Re8+ Rxe8 42. dxe8=Q+ Bxe8 43. Be5 Kf7 44. Kg3 Ke6 45. Kf4 Bg6
46. c4 Bf7 47. f3 Bh5 48. a3 Bf7 49. Bb8 Kf6 50. Bd6 Bxc4 51. Bxc5 Bf1 52. g3
Bc4 53. Bd4+ Kg6 54. g4 fxg4 55. fxg4 Be6 56. g5 Bf5 57. Bf6 Be6 58. Ke4 Ba2
59. Kd3 Be6 60. Kc3 Bb3 61. Kb4 Kf5 62. Kc3 Kg6 1/2-1/2

[Event "Russian Championship G11 1st league 2016"]
[Site "Loo"]
[Date "2016.04.21"]
[Round "2.3"]
[White "Kalustova, Marina"]
[Black "Donchenko, Ekaterina"]
[Result "1-0"]
[WhiteElo "1212"]
[BlackElo "1421"]
[PlyCount "47"]
[EventDate "2016.04.20"]

1. e4 e6 2. d3 d5 3. Nd2 c5 4. g3 Nc6 5. Bg2 Nf6 6. Ngf3 Be7 7. O-O O-O 8. e5
Nd7 9. Re1 Qc7 10. Qe2 b6 11. h4 Ba6 12. b3 Nb4 13. Nb1 c4 14. dxc4 dxc4 15.
Nd4 cxb3 16. Qg4 Nxe5 17. Nxe6 Nxg4 18. Nxc7 Rad8 19. Bf3 Nxc2 20. Rxe7 Nxa1
21. Bxg4 f5 22. Bb2 fxg4 23. Rxg7+ Kh8 24. Rg6+ 1-0

[Event "Russian Championship G11 1st league 2016"]
[Site "Loo"]
[Date "2016.04.21"]
[Round "2.4"]
[White "Fedoricheva, Ekaterina"]
[Black "Babkina, Polina"]
[Result "1-0"]
[WhiteElo "1387"]
[BlackElo "1200"]
[PlyCount "103"]
[EventDate "2016.04.20"]

1. e4 e5 2. Nc3 Nf6 3. f4 d6 4. Nf3 Nc6 5. d3 Bg4 6. Be2 Bxf3 7. Bxf3 Qd7 8.
Be3 O-O-O 9. Nd5 h5 10. Nxf6 gxf6 11. Bxh5 Rg8 12. Bf3 exf4 13. Bxf4 d5 14. h3
Kb8 15. Bg4 Qe7 16. O-O Qc5+ 17. d4 Qxd4+ 18. Qxd4 Nxd4 19. c3 Nc6 20. exd5
Bc5+ 21. Kh1 Rxd5 22. Bf3 Rdd8 23. Bxc6 bxc6 24. Rad1 Bb6 25. Bh2 Rge8 26. Bg1
Bxg1 27. Kxg1 Kb7 28. Rxd8 Rxd8 29. Rxf6 Rd1+ 30. Rf1 Rd2 31. Rf2 Rd1+ 32. Kh2
Ra1 33. a3 Ra2 34. h4 Kc8 35. h5 Ra1 36. h6 Re1 37. Rxf7 Re8 38. h7 Rh8 39. Rg7
Kb7 40. Kg3 Kb6 41. Kg4 Kb7 42. Kg5 Kb6 43. Kg6 Kb7 44. Rg8 Rxh7 45. Kxh7 Kb6
46. g4 Kb7 47. g5 Kb6 48. g6 Kb7 49. g7 Kb6 50. b4 Kb7 51. Kh6 a6 52. Rf8 1-0

[Event "Russian Championship G11 1st league 2016"]
[Site "Loo"]
[Date "2016.04.21"]
[Round "2.5"]
[White "Lushnikova, Anna"]
[Black "Zaytseva, Dariya"]
[Result "0-1"]
[WhiteElo "1175"]
[BlackElo "1382"]
[PlyCount "88"]
[EventDate "2016.04.20"]

1. e4 c5 2. Nc3 Nc6 3. Bc4 e6 4. f4 Nge7 5. Bb3 d5 6. d3 dxe4 7. Nxe4 Bd7 8.
Nxc5 Qa5+ 9. Bd2 Qxc5 10. Nf3 Nf5 11. Qe2 Be7 12. h3 Ng3 13. Be3 Qa5+ 14. Bd2
Qd8 15. Qe3 Nxh1 16. Ng5 Bxg5 17. fxg5 Qb6 18. Qf4 Qg1+ 19. Qf1 Qxf1+ 20. Kxf1
Ng3+ 21. Kf2 Nf5 22. g4 Nfd4 23. c3 Nxb3 24. axb3 O-O 25. h4 Ne5 26. Kg3 Nxd3
27. Rb1 Nc5 28. b4 Ne4+ 29. Kf4 Nxd2 30. Rd1 e5+ 31. Kxe5 Nc4+ 32. Kf4 Ba4 33.
Ra1 Bb3 34. Rb1 Rad8 35. Ra1 a6 36. Re1 Nxb2 37. Rb1 Nd3+ 38. Ke3 Rfe8+ 39. Kf3
Bd5+ 40. Kg3 Re3+ 41. Kh2 Rde8 42. Rg1 Re2+ 43. Kh3 R8e3+ 44. Rg3 Nf4# 0-1